[Event "CN Seniori 2012"]
[Site "Sarata Monteoru/Romania"]
[Date "2012.02.15"]
[Round "3.5"]
[White "Nevednichy, Vladislav"]
[Black "Ciobanu, Aurelian"]
[Result "1/2-1/2"]
[WhiteElo "2546"]
[BlackElo "2276"]
[PlyCount "76"]
[EventDate "2012.??.??"]
[TimeControl "40/5400+30:900+30"]

1. e4 g6 2. d4 Bg7 3. Nf3 d6 4. c3 a6 5. Bd3 Nc6 6. O-O e5 7. Be3 Nf6 8. h3 O-O
9. Nbd2 Re8 10. Re1 b6 11. a3 Bb7 12. d5 Ne7 13. c4 Nh5 14. Qc2 Bc8 15. b4 f5
16. Bg5 Rf8 17. Nh4 Bf6 18. Bxf6 Rxf6 19. c5 Qf8 20. cxd6 cxd6 21. Qc7 b5 22.
a4 bxa4 23. Rxa4 Nf4 24. Bf1 g5 25. Nxf5 Nxf5 26. exf5 Bxf5 27. Rxa6 Rc8 28.
Qa5 Bd3 29. Rc6 Ra8 30. Qb6 Nxd5 31. Qb7 Nf4 32. Qb6 Rc8 33. Qa5 Ra8 34. Ra6
Rc8 35. Ne4 Bxe4 36. Rxe4 Nxh3+ 37. gxh3 Rxf2 38. Bg2 Rc1+ 1/2-1/2

[Event "CN Seniori 2012"]
[Site "Sarata Monteoru/Romania"]
[Date "2012.02.15"]
[Round "3.6"]
[White "Florescu, Codrut-Constantin"]
[Black "Miron, Lucian-Costin"]
[Result "1/2-1/2"]
[WhiteElo "2282"]
[BlackElo "2525"]
[PlyCount "70"]
[EventDate "2012.??.??"]
[TimeControl "40/5400+30:900+30"]

1. e4 e5 2. Nf3 Nc6 3. Bb5 a6 4. Ba4 Nf6 5. O-O Be7 6. Re1 b5 7. Bb3 d6 8. c3
O-O 9. h3 Na5 10. Bc2 c5 11. d4 Nd7 12. Nbd2 exd4 13. cxd4 Nc6 14. d5 Nce5 15.
Nxe5 Nxe5 16. f4 Ng6 17. Nf3 f5 18. exf5 Bxf5 19. Bxf5 Rxf5 20. g4 Rxf4 21.
Bxf4 Nxf4 22. Re4 Nxh3+ 23. Kg2 Ng5 24. Nxg5 Bxg5 25. Qe2 Bf6 26. Re6 Be5 27.
Rf1 Qh4 28. Rxe5 dxe5 29. Qf3 Qf6 30. Qxf6 gxf6 31. Rxf6 Rd8 32. d6 Kg7 33. Re6
Kf7 34. Rh6 Kg7 35. Re6 Kf7 1/2-1/2

[Event "CN Seniori 2012"]
[Site "Sarata Monteoru/Romania"]
[Date "2012.02.15"]
[Round "3.7"]
[White "Varlan, Hervig-Ioan"]
[Black "Dumitrache, Dragos-Nicolae"]
[Result "1/2-1/2"]
[WhiteElo "2184"]
[BlackElo "2460"]
[PlyCount "99"]
[EventDate "2012.??.??"]
[TimeControl "40/5400+30:900+30"]

1. d4 Nf6 2. Nf3 e6 3. g3 b5 4. Bg2 Bb7 5. O-O Be7 6. b3 O-O 7. Bb2 a6 8. Nbd2
c5 9. e3 cxd4 10. Nxd4 Bxg2 11. Kxg2 Nc6 12. Nxc6 dxc6 13. Nf3 Qd5 14. Qe2 Rfd8
15. Rfd1 Qe4 16. Kg1 Qg4 17. Kg2 Rd5 18. Rd4 Rxd4 19. Bxd4 Rd8 20. Bxf6 Bxf6
21. Rd1 Rd5 22. Rxd5 exd5 23. a4 Qe4 24. axb5 cxb5 25. Kf1 g6 26. Ng1 Kg7 27.
Qd2 d4 28. exd4 Qxd4 29. Qxd4 Bxd4 30. Ne2 Be5 31. b4 Kf6 32. Ke1 Bd6 33. c3
Ke5 34. Kd2 Ke4 35. Ng1 h5 36. f3+ Kd5 37. Kd3 g5 38. Ne2 g4 39. fxg4 hxg4 40.
Nd4 Ke5 41. Nc6+ Kd5 42. Nd4 Bf8 43. Nf5 Ke5 44. Nd4 Bd6 45. Nc6+ Kd5 46. Nd4
Be7 47. Nf5 Bg5 48. Nd4 Bd8 49. Nf5 Bg5 50. Nd4 1/2-1/2

[Event "CN Seniori 2012"]
[Site "Sarata Monteoru/Romania"]
[Date "2012.02.15"]
[Round "3.8"]
[White "Cioara, Andrei-Nestor"]
[Black "Baciu, Stefan"]
[Result "1-0"]
[WhiteElo "2456"]
[BlackElo "2222"]
[PlyCount "69"]
[EventDate "2012.??.??"]
[TimeControl "40/5400+30:900+30"]

1. e4 e5 2. Nf3 Nc6 3. d4 exd4 4. Nxd4 Bc5 5. Nxc6 Qf6 6. Qf3 dxc6 7. Nc3 Qxf3
8. gxf3 Be6 9. Rg1 Bf8 10. Be3 O-O-O 11. Bxa7 Bd6 12. Be3 Bxh2 13. Rxg7 Be5 14.
Rg1 Nf6 15. Bd3 Bxc3+ 16. bxc3 Nd7 17. f4 f6 18. f5 Bf7 19. f4 Rdg8 20. Kf2
Rxg1 21. Rxg1 Rg8 22. Rh1 h5 23. c4 c5 24. Bd2 b5 25. Bc3 bxc4 26. Be2 Re8 27.
Bf3 Nb6 28. Bxf6 c3 29. Bxc3 Bxa2 30. Rxh5 Bb1 31. f6 Nd7 32. e5 Bxc2 33. f7
Rf8 34. e6 Bg6 35. e7 1-0

[Event "CN Seniori 2012"]
[Site "Sarata Monteoru/Romania"]
[Date "2012.02.15"]
[Round "3.9"]
[White "Balla, Tamas-Kristof"]
[Black "Prodileanu, Adrian"]
[Result "0-1"]
[WhiteElo "2377"]
[BlackElo "2204"]
[PlyCount "90"]
[EventDate "2012.??.??"]
[TimeControl "40/5400+30:900+30"]

1. d4 Nf6 2. c4 e6 3. Nc3 Bb4 4. Qc2 c5 5. dxc5 O-O 6. Bg5 Qa5 7. Bd2 Qxc5 8.
a3 Bxc3 9. Qxc3 d5 10. cxd5 Qxc3 11. Bxc3 Nxd5 12. Bd2 Nc6 13. e4 Nb6 14. Be3
e5 15. Bxb6 axb6 16. Bc4 Nd4 17. Rd1 b5 18. Bd5 b4 19. axb4 Ra4 20. Ne2 Rxb4
21. Nxd4 exd4 22. Rd2 Be6 23. Bxe6 fxe6 24. Ke2 Rc8 25. e5 Rc5 26. f4 Kf7 27.
Kf3 Rd5 28. Rc1 Rb3+ 29. Ke2 Kg6 30. Rc4 Kf5 31. Rcxd4 Rxd4 32. Rxd4 Rxb2+ 33.
Kf3 Rb3+ 34. Kf2 h5 35. g3 Rb2+ 36. Kf3 Rb3+ 37. Kf2 h4 38. Rd7 h3 39. Rxg7 Ke4
40. Rc7 Rb2+ 41. Kg1 b5 42. Rc3 b4 43. Rc4+ Kf3 44. Rc1 Rg2+ 45. Kh1 b3 0-1

[Event "CN Seniori 2012"]
[Site "Sarata Monteoru/Romania"]
[Date "2012.02.15"]
[Round "3.10"]
[White "Manea, Alexandru"]
[Black "Manole, Stefan"]
[Result "1-0"]
[WhiteElo "2429"]
[BlackElo "2082"]
[PlyCount "139"]
[EventDate "2012.??.??"]
[TimeControl "40/5400+30:900+30"]

1. Nf3 d5 2. c4 c6 3. d4 Nf6 4. e3 Bg4 5. Be2 e6 6. O-O Nbd7 7. Nc3 Bd6 8. b3
O-O 9. Bb2 Qe7 10. h3 Bh5 11. Ne5 Bxe2 12. Nxe2 Ba3 13. Bxa3 Qxa3 14. Nd3 Qd6
15. Rc1 Rac8 16. c5 Qc7 17. Ng3 Rfd8 18. Qe2 b5 19. Kh1 Ne4 20. Nh5 g6 21. f3
Ng3+ 22. Nxg3 Qxg3 23. Ra1 e5 24. Qe1 Qxe1 25. Rfxe1 e4 26. fxe4 dxe4 27. Nf4
Nf6 28. Kg1 Kg7 29. Kf2 Nd5 30. Nxd5 Rxd5 31. a4 b4 32. a5 Rb8 33. Ra4 Rb5 34.
Rc1 Rd8 35. Kg3 f5 36. Rc4 Rdb8 37. Kf4 Kf6 38. g4 a6 39. Rc2 g5+ 40. Kg3 fxg4
41. Kxg4 Kg6 42. Rf2 h5+ 43. Kg3 Rd8 44. Ra1 Re8 45. h4 g4 46. Rf4 Re6 47. Rf8
Rf6 48. Rxf6+ Kxf6 49. Kf4 Rb8 50. Kxe4 Kg7 51. Rf1 Rf8 52. Rf4 Rf6 53. Rxf6
Kxf6 54. Kf4 Ke7 55. e4 Ke6 56. Kg3 Ke7 57. d5 cxd5 58. exd5 Kd7 59. Kf4 Kc7
60. Ke3 Kd7 61. Ke4 Kc7 62. d6+ Kc6 63. Kd4 Kd7 64. Kd5 g3 65. c6+ Kc8 66. Ke6
g2 67. Ke7 g1=Q 68. d7+ Kc7 69. d8=Q+ Kxc6 70. Qd7+ 1-0

[Event "CN Seniori 2012"]
[Site "Sarata Monteoru/Romania"]
[Date "2012.02.15"]
[Round "3.11"]
[White "Pop, Alexandru"]
[Black "Manolache, Marius"]
[Result "1/2-1/2"]
[WhiteElo "2254"]
[BlackElo "2552"]
[PlyCount "117"]
[EventDate "2012.??.??"]
[TimeControl "40/5400+30:900+30"]

1. Nf3 Nf6 2. g3 d6 3. d4 Bf5 4. Bg2 Qc8 5. O-O h6 6. c4 c6 7. Nc3 Na6 8. Re1
Ne4 9. Nh4 Nxc3 10. bxc3 Bg4 11. Qd3 g5 12. Nf3 Bg7 13. Rb1 Bf5 14. e4 Bg6 15.
h4 f6 16. Nh2 Qd7 17. f4 Bf7 18. hxg5 fxg5 19. e5 dxe5 20. fxe5 O-O 21. Ba3
Rad8 22. d5 Be6 23. Qe3 cxd5 24. cxd5 Bxd5 25. Bxd5+ Qxd5 26. Bxe7 Rde8 27.
Bxf8 Rxe5 28. Qf3 Rxe1+ 29. Rxe1 Qxf3 30. Nxf3 Bxf8 31. Nd4 Bc5 32. Kg2 Kf7 33.
g4 Nc7 34. Re5 b6 35. Kf3 Kg6 36. Ke4 Bd6 37. Rf5 Ne8 38. Ne6 Nf6+ 39. Kf3 Nxg4
40. Rd5 Ne5+ 41. Ke4 Nf7 42. Nd8 Bc5 43. Nxf7 Kxf7 44. Kf5 Ke7 45. Rd3 Bf2 46.
Rd2 Bg3 47. Kg6 Bf4 48. Rd1 Be5 49. c4 Bd6 50. Kxh6 g4 51. Kg5 g3 52. Kg4 Kd7
53. Kf3 Kc6 54. Rd5 a6 55. a4 Bc5 56. Rg5 Bf2 57. Ke4 a5 58. Kd3 Kd6 59. Ke4
1/2-1/2

[Event "CN Seniori 2012"]
[Site "Sarata Monteoru/Romania"]
[Date "2012.02.15"]
[Round "3.12"]
[White "Paval, George"]
[Black "Filip, Lucian"]
[Result "1/2-1/2"]
[WhiteElo "2229"]
[BlackElo "2490"]
[PlyCount "45"]
[EventDate "2012.??.??"]
[TimeControl "40/5400+30:900+30"]

1. d4 Nf6 2. Nf3 e6 3. c4 b6 4. g3 Ba6 5. Qc2 Bb7 6. Bg2 c5 7. O-O cxd4 8. Nxd4
Bxg2 9. Kxg2 Qc8 10. Nd2 Nc6 11. Nxc6 Qxc6+ 12. Kg1 Rc8 13. Qd3 Be7 14. b3 d5
15. Bb2 dxc4 16. Nxc4 O-O 17. Rac1 Rfd8 18. Ne5 Qb7 19. Rxc8 Rxc8 20. Rc1 Rxc1+
21. Bxc1 h6 22. Bb2 b5 23. a4 1/2-1/2

[Event "CN Seniori 2012"]
[Site "Sarata Monteoru/Romania"]
[Date "2012.02.15"]
[Round "3.13"]
[White "Stegariu, Vlad-Ionut"]
[Black "Baratosi, Daniel"]
[Result "1/2-1/2"]
[WhiteElo "2202"]
[BlackElo "2418"]
[PlyCount "65"]
[EventDate "2012.??.??"]
[TimeControl "40/5400+30:900+30"]

1. d4 Nf6 2. c4 e6 3. Nf3 d5 4. Nc3 Be7 5. Bg5 O-O 6. e3 h6 7. Bh4 Ne4 8. Bxe7
Qxe7 9. Rc1 c6 10. Bd3 Nxc3 11. Rxc3 dxc4 12. Bxc4 Nd7 13. O-O e5 14. Nxe5 Nxe5
15. dxe5 Qxe5 16. Qc1 Rd8 17. f4 Qe4 18. f5 Bxf5 19. Rf4 Qe5 20. Bxf7+ Kxf7 21.
g4 Kg8 22. gxf5 Rd7 23. Rb3 Qf6 24. Qc4+ Kh8 25. Rd3 Rad8 26. Rxd7 Rxd7 27. Qe2
Qd8 28. Qg4 Qb6 29. Re4 Qd8 30. Qg6 Re7 31. Rxe7 Qxe7 32. Qg3 a5 33. Qf4
1/2-1/2

[Event "CN Seniori 2012"]
[Site "Sarata Monteoru/Romania"]
[Date "2012.02.15"]
[Round "3.14"]
[White "Georgescu, Tiberiu-Marian"]
[Black "Pribeanu, Mihail-Dacian"]
[Result "1-0"]
[WhiteElo "2415"]
[BlackElo "2186"]
[PlyCount "71"]
[EventDate "2012.??.??"]
[TimeControl "40/5400+30:900+30"]

1. c4 e5 2. g3 Nc6 3. Nc3 f5 4. Nf3 Nf6 5. d4 e4 6. Nh4 g6 7. Bg5 d6 8. Qd2 Bg7
9. Nd5 O-O 10. Ng2 Ne7 11. Ngf4 Nexd5 12. cxd5 Qe8 13. Bxf6 Bxf6 14. h4 c5 15.
dxc6 bxc6 16. e3 Rb8 17. Bc4+ Kh8 18. Rb1 c5 19. dxc5 dxc5 20. Qe2 Kg7 21. O-O
Qe5 22. b3 Rd8 23. Rfd1 Rxd1+ 24. Rxd1 Rb7 25. Ba6 Rc7 26. Bxc8 Rxc8 27. Qa6
Re8 28. Qxa7+ Re7 29. Rd7 Rxd7 30. Qxd7+ Kh6 31. Kg2 Qb2 32. Qd6 Be5 33. Qf8+
Bg7 34. Qxc5 Qxa2 35. Qe7 Ba1 36. Ne6 1-0

[Event "CN Seniori 2012"]
[Site "Sarata Monteoru/Romania"]
[Date "2012.02.15"]
[Round "3.15"]
[White "Gulie, Cosmin"]
[Black "Anton, Teodor"]
[Result "1/2-1/2"]
[WhiteElo "2133"]
[BlackElo "2393"]
[PlyCount "96"]
[EventDate "2012.??.??"]
[TimeControl "40/5400+30:900+30"]

1. e4 g6 2. d4 Bg7 3. Nf3 d6 4. c3 Nd7 5. Bd3 e5 6. dxe5 dxe5 7. Be3 Ngf6 8. h3
O-O 9. O-O c6 10. Qc2 Re8 11. Nbd2 Nh5 12. Bc4 Nf4 13. Bxf4 exf4 14. Rfe1 Qe7
15. Rad1 b5 16. Bb3 Nc5 17. Nf1 a5 18. a3 Nxb3 19. Qxb3 a4 20. Qc2 c5 21. Qd2
Qc7 22. e5 Bb7 23. Qxf4 Bxf3 24. Qxf3 Bxe5 25. Ne3 Ra6 26. Ng4 Rae6 27. Nxe5
Rxe5 28. Rxe5 Qxe5 29. Rd7 Qe6 30. Rb7 Qb3 31. Kh2 Kg7 32. g4 h6 33. h4 Qc4 34.
Kg2 Re5 35. Kg3 h5 36. Qf4 Qxf4+ 37. Kxf4 Re2 38. Rxb5 hxg4 39. Kg3 f5 40. Rxc5
Rxb2 41. h5 Ra2 42. f4 gxf3 43. Kxf3 gxh5 44. Rxf5 Kg6 45. Ra5 Rxa3 46. Kf4 Ra1
47. Kg3 a3 48. c4 Kf6 1/2-1/2

[Event "CN Seniori 2012"]
[Site "Sarata Monteoru/Romania"]
[Date "2012.02.15"]
[Round "3.16"]
[White "Petrisor, Adrian-Marian"]
[Black "Bida, Mihai-Eugen"]
[Result "1-0"]
[WhiteElo "2385"]
[BlackElo "2183"]
[PlyCount "103"]
[EventDate "2012.??.??"]
[TimeControl "40/5400+30:900+30"]

1. d4 Nf6 2. c4 e6 3. Nf3 Bb4+ 4. Nbd2 d5 5. Qc2 O-O 6. a3 Be7 7. e3 Nbd7 8.
cxd5 exd5 9. b4 Re8 10. Bd3 Nf8 11. O-O Bd6 12. Bb2 a6 13. Rfe1 Ng6 14. Rac1
Bd7 15. Qb3 c6 16. Qc2 Qe7 17. Nb3 Ne4 18. Nc5 Bg4 19. Ne5 Bxe5 20. dxe5 Nxc5
21. bxc5 Nxe5 22. Bxh7+ Kh8 23. h3 Qh4 24. Bd3 Bxh3 25. gxh3 Qxh3 26. Bxe5 Rxe5
27. f4 Rxe3 28. Rxe3 Qxe3+ 29. Kg2 Qxf4 30. Rh1+ Kg8 31. Qe2 Qg5+ 32. Kf3 Qf6+
33. Kg2 Qg5+ 34. Kf3 Qf6+ 35. Kg4 g6 36. Qe3 Qb2 37. Rh3 Qg2+ 38. Rg3 Qb2 39.
Qe7 Kg7 40. Bxg6 Qf6 41. Qxb7 Rh8 42. Bh5 Rh6 43. Kh3+ Kh7 44. Qb1+ Rg6 45.
Bxg6+ fxg6 46. Qd3 Qe6+ 47. Kg2 Qf6 48. Rh3+ Kg8 49. Qc3 Qg5+ 50. Rg3 Qh5 51.
Qf3 Qh6 52. Qe3 1-0

[Event "CN Seniori 2012"]
[Site "Sarata Monteoru/Romania"]
[Date "2012.02.15"]
[Round "3.17"]
[White "Tomici, Stefan"]
[Black "Bonte, Andrei-Mihai"]
[Result "0-1"]
[WhiteElo "2147"]
[BlackElo "2380"]
[PlyCount "130"]
[EventDate "2012.??.??"]
[TimeControl "40/5400+30:900+30"]

1. e4 e5 2. Nf3 Nc6 3. Bc4 Bc5 4. c3 Nf6 5. d4 exd4 6. cxd4 Bb4+ 7. Bd2 Bxd2+
8. Nbxd2 d5 9. exd5 Nxd5 10. Qb3 Nce7 11. O-O O-O 12. Rfe1 c6 13. Rac1 Qb6 14.
Qa3 Ng6 15. Ne4 Bf5 16. Nc5 Rfe8 17. Ne5 Nxe5 18. dxe5 Rad8 19. Qf3 Bg6 20. Bb3
Re7 21. h4 h5 22. Qg3 Qb4 23. e6 Kh7 24. Re5 f6 25. Re2 Qf4 26. Qxf4 Nxf4 27.
Re3 Nd5 28. Re2 Bf5 29. Rce1 Kg6 30. Bc2 Nf4 31. Bxf5+ Kxf5 32. Re4 b6 33. Nb3
Nd3 34. R1e3 c5 35. f3 Nxb2 36. g4+ hxg4 37. fxg4+ Kg6 38. Re2 Rd1+ 39. Kg2 Nd3
40. h5+ Kg5 41. Nd2 Ne5 42. Nf3+ Nxf3 43. Kxf3 Rf1+ 44. Kg3 f5 45. gxf5 Kxf5
46. R4e3 Kf6 47. Kg4 Rf5 48. a4 Rg5+ 49. Kh4 g6 50. Rf3+ Rf5 51. Rxf5+ gxf5 52.
Rg2 Kxe6 53. h6 Kf6 54. Kh5 Re1 55. Rg6+ Ke5 56. Rg7 Rh1+ 57. Kg6 f4 58. h7 f3
59. Rf7 Ke4 60. Rxa7 f2 61. Rf7 Ke3 62. Rf5 Rxh7 63. Kxh7 c4 64. Re5+ Kf4 65.
Re6 c3 0-1

[Event "CN Seniori 2012"]
[Site "Sarata Monteoru/Romania"]
[Date "2012.02.15"]
[Round "3.18"]
[White "Costachi, Mihnea"]
[Black "Dobre, Claudiu-Cristian"]
[Result "0-1"]
[WhiteElo "1937"]
[BlackElo "2354"]
[PlyCount "116"]
[EventDate "2012.??.??"]
[TimeControl "40/5400+30:900+30"]

1. d4 d5 2. c4 c6 3. Nc3 Nf6 4. Nf3 e6 5. cxd5 exd5 6. Bg5 Be7 7. Qc2 g6 8. e3
Bf5 9. Bd3 Bxd3 10. Qxd3 Nbd7 11. O-O O-O 12. Rfe1 Re8 13. Nd2 Ne4 14. Bxe7
Qxe7 15. f3 Nxd2 16. Qxd2 Qb4 17. Rac1 Nb6 18. b3 a5 19. Rc2 Re6 20. Qd3 f5 21.
Rce2 Rd8 22. Rd1 Rde8 23. Rde1 a4 24. Nxa4 Nxa4 25. bxa4 Qxa4 26. Qb3 Qxb3 27.
axb3 Ra8 28. Kf2 Ree8 29. Rb1 Ra3 30. Rc2 Kf7 31. Rbb2 g5 32. g3 h5 33. Rd2 Re6
34. Re2 Ke7 35. b4 Kd6 36. Rb1 b5 37. Rbb2 Kc7 38. Rb1 Kb6 39. Rbb2 Re7 40. Rb1
Re8 41. Rbb2 g4 42. Re1 Rea8 43. Rc1 Ra2 44. Rcb1 R8a3 45. f4 Rb3 46. Rxa2 Rxb1
47. Ra8 Rxb4 48. Rf8 Rb2+ 49. Ke1 b4 50. Kd1 Rxh2 51. Rxf5 b3 52. Kc1 b2+ 53.
Kb1 h4 54. gxh4 g3 55. Rg5 g2 56. Ka2 Rh1 57. Kxb2 g1=Q 58. Rxg1 Rxg1 0-1

[Event "CN Seniori 2012"]
[Site "Sarata Monteoru"]
[Date "2012.02.15"]
[Round "3.19"]
[White "Doros, Radu-Marian"]
[Black "Malureanu, Costin-George"]
[Result "1/2-1/2"]
[WhiteElo "2338"]
[BlackElo "2139"]
[PlyCount "73"]
[EventDate "2012.??.??"]

1. d4 d5 2. c4 e6 3. Nf3 Nf6 4. g3 dxc4 5. Bg2 c5 6. O-O Nc6 7. dxc5 Qxd1 8.
Rxd1 Bxc5 9. Nbd2 e5 10. Nxc4 Ng4 11. e3 Be6 12. Nd6+ Bxd6 13. Rxd6 Ke7 14. Rd2
f6 15. b3 Rhd8 16. Ba3+ Ke8 17. Rad1 Rxd2 18. Nxd2 Rd8 19. h3 Nh6 20. Kf1 Bd5
21. Ne4 Bxe4 22. Rxd8+ Nxd8 23. Bxe4 g6 24. f4 Nhf7 25. Bc5 a6 26. Kf2 Kd7 27.
Bb4 Ke6 28. Bc3 Nd6 29. Bd3 Nc6 30. Kf3 b5 31. g4 Kd5 32. Bc2 b4 33. Bb2 a5 34.
h4 e4+ 35. Ke2 f5 36. g5 Nd8 37. Bf6 1/2-1/2

[Event "CN Seniori 2012"]
[Site "Sarata Monteoru"]
[Date "2012.02.15"]
[Round "3.20"]
[White "Stegariu, Alexandru"]
[Black "Danilov, Vladimir"]
[Result "0-1"]
[WhiteElo "2122"]
[BlackElo "2440"]
[PlyCount "74"]
[EventDate "2012.??.??"]

1. d4 c6 2. c4 d5 3. Nc3 e5 4. e3 e4 5. Qb3 Nf6 6. Bd2 Be7 7. Rc1 O-O 8. Nge2
Na6 9. cxd5 cxd5 10. Nf4 Nc7 11. Nb5 Ne6 12. Nxe6 fxe6 13. Nc7 Rb8 14. Be2 Bd7
15. Nb5 a6 16. Na3 b5 17. Bb4 a5 18. Bxe7 Qxe7 19. Rc5 b4 20. Nb1 Rfc8 21.
Rxc8+ Rxc8 22. O-O Qe8 23. Qd1 Bb5 24. a3 b3 25. Nc3 Bxe2 26. Qxe2 Qc6 27. f3
Qc4 28. Qxc4 Rxc4 29. f4 g6 30. h3 h5 31. g3 Kf7 32. Kf2 Ne8 33. g4 Nd6 34. Re1
Rxc3 35. bxc3 Nc4 36. Rb1 a4 37. Ke2 Nxa3 0-1

[Event "CN Seniori 2012"]
[Site "Sarata Monteoru/Romania"]
[Date "2012.02.15"]
[Round "3.21"]
[White "Jianu, Vlad-Cristian"]
[Black "Badelita, Beniamin"]
[Result "1-0"]
[WhiteElo "2508"]
[BlackElo "1945"]
[PlyCount "35"]
[EventDate "2012.??.??"]

1. d4 d5 2. c4 c6 3. Nf3 Nf6 4. e3 a6 5. Bd3 e6 6. b3 c5 7. O-O cxd4 8. exd4
Be7 9. Bb2 O-O 10. Nbd2 b6 11. Ne5 Bb7 12. Qf3 Bb4 13. Rad1 Ra7 14. Qh3 Nbd7
15. Ndf3 g6 16. Ng5 Kg7 17. Nexf7 Rxf7 18. Nxe6+ 1-0

[Event "CN Seniori 2012"]
[Site "Sarata Monteoru/Romania"]
[Date "2012.02.15"]
[Round "3.23"]
[White "Miroiu, George-Catalin"]
[Black "Tiron, Calin-Andrei"]
[Result "1-0"]
[WhiteElo "2342"]
[BlackElo "1856"]
[PlyCount "65"]
[EventDate "2012.??.??"]

1. d4 e6 2. c4 Nf6 3. Nf3 Bb4+ 4. Bd2 Qe7 5. g3 b6 6. Bg2 Bb7 7. O-O O-O 8. Bf4
d5 9. Ne5 Nbd7 10. Qa4 Nxe5 11. dxe5 Nh5 12. Rd1 Nxf4 13. gxf4 a5 14. a3 Bc5
15. cxd5 Qh4 16. e3 Qg4 17. Nc3 Rfd8 18. h3 Qh4 19. dxe6 Bxg2 20. exf7+ Kxf7
21. Kxg2 Re8 22. Qc4+ Kf8 23. Rd7 Qh5 24. Qe2 Qh6 25. Kh2 Re6 26. Ne4 Be7 27.
Rxc7 Rd8 28. Qg4 b5 29. Qf5+ Kg8 30. Nf6+ Rxf6 31. exf6 Bxf6 32. Qe6+ Kh8 33.
Rc8 1-0

[Event "CN Seniori 2012"]
[Site "Sarata Monteoru"]
[Date "2012.02.15"]
[Round "3.24"]
[White "Pessi, Emil-George"]
[Black "Morea, Georgiana-Steluta"]
[Result "1-0"]
[WhiteElo "2272"]
[BlackElo "1882"]
[PlyCount "59"]
[EventDate "2012.??.??"]

1. e4 c5 2. b3 Nc6 3. Bb2 e5 4. f4 exf4 5. Nf3 d6 6. Bb5 Nh6 7. O-O Bd7 8. Nc3
a6 9. Bxc6 bxc6 10. Ne2 Ng4 11. Nxf4 f6 12. h3 Nh6 13. d4 cxd4 14. Qxd4 Nf7 15.
Nh5 Rb8 16. Qf2 Rb5 17. Qh4 Ne5 18. Nxe5 dxe5 19. c4 Rb7 20. Bxe5 fxe5 21.
Rxf8+ Rxf8 22. Nxg7+ Kf7 23. Qxh7 Qb6+ 24. Kh1 Ke7 25. Nf5+ Kd8 26. Qe7+ Kc7
27. Qd6+ Kc8 28. Qxf8+ Kc7 29. Qd6+ Kc8 30. Ne7+ 1-0

[Event "CN Seniori 2012"]
[Site "Sarata Monteoru"]
[Date "2012.02.15"]
[Round "3.25"]
[White "Fulger, Ionut"]
[Black "Gilea, Lucian"]
[Result "0-1"]
[WhiteElo "1946"]
[BlackElo "2261"]
[PlyCount "62"]
[EventDate "2012.??.??"]

1. d4 Nf6 2. Nf3 d5 3. e3 g6 4. c4 Bg7 5. Nc3 O-O 6. Bd3 c5 7. O-O cxd4 8. exd4
Nc6 9. Re1 Bg4 10. Be3 Rc8 11. cxd5 Nxd5 12. Be4 Nf6 13. Bb1 e6 14. h3 Bxf3 15.
Qxf3 Qb6 16. Na4 Qb4 17. Bc2 Nxd4 18. Bxd4 Qxd4 19. Red1 Qe5 20. Bb3 b5 21. Nc3
a5 22. Re1 Qc5 23. a4 b4 24. Nb5 Nd5 25. Rac1 Qxc1 26. Rxc1 Rxc1+ 27. Kh2 Rd8
28. Qe2 Rb1 29. Qd3 Rxb2 30. Bxd5 Rxd5 31. Qe3 Rdd2 0-1

[Event "CN Seniori 2012"]
[Site "Sarata Monteoru/Romania"]
[Date "2012.02.15"]
[Round "3.26"]
[White "Neagu, Mihai-Cosmin"]
[Black "Mosnegutu, Klauss"]
[Result "0-1"]
[WhiteElo "1918"]
[BlackElo "2246"]
[PlyCount "82"]
[EventDate "2012.??.??"]

1. c4 e5 2. Nc3 d6 3. g3 Be6 4. Qb3 Qc8 5. Bg2 c6 6. Nf3 Nd7 7. d4 exd4 8. Nxd4
Nc5 9. Qc2 Bxc4 10. b4 Ne6 11. Be3 d5 12. O-O Bxb4 13. Nxd5 cxd5 14. Qa4+ Qd7
15. Qxb4 Ne7 16. Rfd1 b5 17. Nxe6 fxe6 18. Bc5 a5 19. Qc3 O-O 20. e4 Rfc8 21.
Qe3 Ng6 22. e5 Qf7 23. Bd6 Qa7 24. Qg5 Qf7 25. h4 h6 26. Qe3 Ne7 27. g4 Ng6 28.
h5 Nf4 29. Bf3 Nh3+ 30. Kg2 Ng5 31. a3 d4 32. Rxd4 Nxf3 33. Qxf3 Bd5 34. Rxd5
Qxf3+ 35. Kxf3 exd5 36. Rb1 b4 37. axb4 a4 38. b5 a3 39. b6 a2 40. Ra1 Rc3+ 41.
Ke2 Rb3 0-1

[Event "CN Seniori 2012"]
[Site "Sarata Monteoru"]
[Date "2012.02.15"]
[Round "3.27"]
[White "Spulber, Cicirone"]
[Black "Carapit, Vasile"]
[Result "1-0"]
[WhiteElo "2244"]
[BlackElo "1849"]
[PlyCount "65"]
[EventDate "2012.??.??"]

1. c4 e6 2. Nf3 Nf6 3. g3 b6 4. Bg2 Bb7 5. O-O Be7 6. d4 O-O 7. Nc3 d5 8. cxd5
Nxd5 9. Nxd5 Bxd5 10. Qc2 Nd7 11. e4 Bb7 12. Rd1 Nf6 13. Ne5 Re8 14. Nc6 Qd7
15. d5 a5 16. a3 exd5 17. exd5 Bd6 18. h3 h6 19. Be3 Rac8 20. Bd4 Nh7 21. Re1
Rxe1+ 22. Rxe1 Re8 23. Rxe8+ Qxe8 24. Qc3 f6 25. h4 Bc8 26. Qd3 g6 27. Be4 f5
28. Bf3 g5 29. Bc3 Bc5 30. b4 axb4 31. axb4 Be7 32. Nxe7+ Qxe7 33. Qd4 1-0

[Event "CN Seniori 2012"]
[Site "Sarata Monteoru"]
[Date "2012.02.15"]
[Round "3.28"]
[White "Scripcaru, George-Daniel"]
[Black "Daianu, Cristian-Clement"]
[Result "0-1"]
[WhiteElo "1907"]
[BlackElo "2242"]
[PlyCount "94"]
[EventDate "2012.??.??"]

1. e4 c5 2. Nf3 d6 3. d4 cxd4 4. Qxd4 Nc6 5. Bb5 e5 6. Qd3 Nf6 7. c4 Be7 8. Nc3
O-O 9. Bxc6 bxc6 10. Bg5 Be6 11. O-O Rb8 12. b3 Qa5 13. Rac1 Rbd8 14. Rfd1 h6
15. Bxf6 Bxf6 16. Qb1 Qb4 17. Rd3 Qb8 18. Rcd1 Be7 19. Nd2 f5 20. f3 Qb6+ 21.
Kh1 f4 22. Nf1 Qf2 23. R1d2 Qh4 24. Qd1 a5 25. Na4 Kh7 26. Qe2 Rb8 27. Qf2 Qxf2
28. Rxf2 Rb4 29. Rc2 Rfb8 30. Kg1 d5 31. cxd5 cxd5 32. Nd2 dxe4 33. Nxe4 Bf5
34. Nac3 Rc8 35. Rcd2 Bc5+ 36. Kf1 Be3 37. Rd1 Rd4 38. Ke2 a4 39. bxa4 Bxe4 40.
fxe4 Rdc4 41. Nb1 Rxa4 42. Ra3 Rc2+ 43. Kf1 Rf2+ 44. Ke1 Rxa3 45. Nxa3 Rxg2 46.
Nc4 Bd4 47. Rd2 Bc3 0-1

[Event "CN Seniori 2012"]
[Site "Sarata Monteoru"]
[Date "2012.02.15"]
[Round "3.30"]
[White "Motounu, Vlad-Stefan"]
[Black "Senetia, Teodor"]
[Result "0-1"]
[WhiteElo "1888"]
[BlackElo "2198"]
[PlyCount "98"]
[EventDate "2012.??.??"]

1. Nf3 Nf6 2. c4 c5 3. Nc3 Nc6 4. g3 g6 5. Bg2 Bg7 6. O-O O-O 7. d3 d5 8. cxd5
Nxd5 9. Qb3 Nc7 10. Rd1 Rb8 11. Bf4 h6 12. Bxc7 Qxc7 13. Rac1 Qa5 14. a3 Be6
15. Qc2 Rbc8 16. e3 Rfd8 17. Ne4 b6 18. Nfd2 Qb5 19. Nc4 Bxc4 20. dxc4 Qxb2 21.
Qa4 Na5 22. Rb1 Qe5 23. h4 Qc7 24. Qc2 Rxd1+ 25. Rxd1 Rd8 26. Rxd8+ Qxd8 27.
Nd2 Qd6 28. Bd5 e6 29. Bg2 f5 30. Nb3 Nc6 31. Nc1 Ne5 32. Qe2 Qd7 33. Qc2 g5
34. hxg5 hxg5 35. Bh1 Bf6 36. f3 b5 37. cxb5 Qxb5 38. Bg2 c4 39. Kh1 Qa5 40. a4
Qe1+ 41. Kh2 Qxe3 42. Qb1 Kf7 43. Qb7+ Be7 44. Na2 Qb3 45. Qc7 Qb2 46. Kh1 Qd4
47. Qb8 Nd7 48. Qb1 Bc5 49. g4 Qh8+ 0-1

[Event "CN Seniori 2012"]
[Site "Sarata Monteoru"]
[Date "2012.02.15"]
[Round "3.31"]
[White "Horvat, Dan-Sebastian"]
[Black "Deac, Bogdan-Daniel"]
[Result "1-0"]
[WhiteElo "2197"]
[BlackElo "1795"]
[PlyCount "59"]
[EventDate "2012.??.??"]

1. e4 e6 2. d4 d5 3. Nd2 Nf6 4. e5 Nfd7 5. f4 c5 6. c3 Nc6 7. Ndf3 f5 8. Bd3 c4
9. Bc2 b5 10. Ne2 Nb6 11. h3 a5 12. O-O b4 13. g4 Be7 14. Rf2 g6 15. Rg2 Ba6
16. Ng3 Qd7 17. Ng5 Bxg5 18. fxg5 bxc3 19. bxc3 Qe7 20. gxf5 exf5 21. Rb1 Nd7
22. Bxf5 O-O 23. Qa4 Rfc8 24. Ba3 Qe8 25. Bg4 Rcb8 26. Rf1 Bb5 27. Qd1 Nd8 28.
Qf3 Nb6 29. Nh5 gxh5 30. Bxh5 1-0